| 000 | 01008cad a22002295a 4500 | ||
|---|---|---|---|
| 001 | E152551 | ||
| 008 | 110328s2011 xxk 000 0 eng u | ||
| 035 | _a(Sirsi) u152551 | ||
| 041 | 0 | _aeng | |
| 050 | 0 | 4 | _a333.33 $2 18 |
| 110 | 2 |
_aCB Richard Ellis _93675 |
|
| 245 | 0 | 0 |
_aScottish offices, market view _bH2 2010 _h[electronic resource] |
| 260 |
_a[Scotland] _bCB Richard Ellis _c2011 |
||
| 490 | 0 |
_aScottish Offices Market View _vH2 2010 |
|
| 520 | _aLooks at the office market in Scotland, with detailed analysis of the markets in Edinburgh, Glasgow and Aberdeen. Graphs show take up, availability, transactions, prime rents and yields for the second half of 2010. | ||
| 590 | _aKA | ||
| 651 | 4 |
_aScotland _y1999- |
|
| 690 | _aPROPERTY-COMMERCIAL PROPERTY-OFFICE PROPERTY-OFFICE PROPERTY MARKET | ||
| 690 | _aPROPERTY-COMMERCIAL PROPERTY-COMMERCIAL PROPERTY MARKET | ||
| 856 | 4 | 0 |
_uhttps://www.cbre.co.uk/uk_en/research _zView the report free of charge under research at www.cbre.co.uk |
| 942 | _n0 | ||
| 999 |
_c112105 _d112105 |
||